<?xml version="1.0" encoding="UTF-8"?>
<record
    xmlns:xsi="http://www.w3.org/2001/XMLSchema-instance"
    xsi:schemaLocation="http://www.loc.gov/MARC21/slim http://www.loc.gov/standards/marcxml/schema/MARC21slim.xsd"
    xmlns="http://www.loc.gov/MARC21/slim">

  <leader>00974na  a2200277   4500</leader>
  <controlfield tag="001">23775</controlfield>
  <controlfield tag="003">MIRAKIL</controlfield>
  <controlfield tag="005">20181213155317.0</controlfield>
  <controlfield tag="008">171225b        tu            000 0      </controlfield>
  <datafield tag="020" ind1=" " ind2=" ">
    <subfield code="a">9751714699</subfield>
  </datafield>
  <datafield tag="040" ind1=" " ind2=" ">
    <subfield code="a">Milas</subfield>
    <subfield code="b">tur</subfield>
    <subfield code="c">TR-AnCHP</subfield>
  </datafield>
  <datafield tag="041" ind1=" " ind2=" ">
    <subfield code="a">tur</subfield>
  </datafield>
  <datafield tag="082" ind1=" " ind2=" ">
    <subfield code="a">331.8809561</subfield>
    <subfield code="b">T96 1994</subfield>
  </datafield>
  <datafield tag="090" ind1=" " ind2=" ">
    <subfield code="a">331.8809561 T96 1994</subfield>
  </datafield>
  <datafield tag="245" ind1=" " ind2=" ">
    <subfield code="a">T&#xFC;rkiye'de sendikac&#x131;l&#x131;k hareketleri i&#xE7;inde demokrasi kavram&#x131;n&#x131;n geli&#x15F;imi</subfield>
    <subfield code="c">haz&#x131;rlayan: Alpaslan I&#x15F;&#x131;kl&#x131;</subfield>
  </datafield>
  <datafield tag="260" ind1=" " ind2=" ">
    <subfield code="a">Ankara</subfield>
    <subfield code="b">K&#xFC;lt&#xFC;r ve Turizm Bakanl&#x131;&#x11F;&#x131;</subfield>
    <subfield code="c">1994</subfield>
    <subfield code="f">Milli K&#xFC;t&#xFC;phane Bas&#x131;mevi</subfield>
  </datafield>
  <datafield tag="300" ind1=" " ind2=" ">
    <subfield code="a">ix, 345 s.</subfield>
    <subfield code="c">20 sm.</subfield>
  </datafield>
  <datafield tag="440" ind1=" " ind2=" ">
    <subfield code="a">K&#xFC;lt&#xFC;r Bakanl&#x131;&#x11F;&#x131; yay&#x131;nlar&#x131;</subfield>
    <subfield code="v">1683</subfield>
  </datafield>
  <datafield tag="490" ind1=" " ind2=" ">
    <subfield code="a">Yay&#x131;mlar Dairesi Ba&#x15F;kanl&#x131;&#x11F;&#x131; Demokrasi Klasikleri Dizisi</subfield>
    <subfield code="v">6</subfield>
  </datafield>
  <datafield tag="504" ind1=" " ind2=" ">
    <subfield code="a">Kaynak&#xE7;a var.</subfield>
  </datafield>
  <datafield tag="650" ind1=" " ind2=" ">
    <subfield code="a">T&#xFC;rkiye</subfield>
    <subfield code="x">Demokrasi</subfield>
  </datafield>
  <datafield tag="650" ind1=" " ind2=" ">
    <subfield code="a">Sendikalar ve sendikac&#x131;l&#x131;k</subfield>
    <subfield code="x">Demokrasi</subfield>
    <subfield code="z">T&#xFC;rkiye</subfield>
  </datafield>
  <datafield tag="650" ind1=" " ind2=" ">
    <subfield code="a">T&#xFC;rkiye</subfield>
    <subfield code="x">Sendikalar ve sendikac&#x131;l&#x131;k</subfield>
  </datafield>
  <datafield tag="700" ind1=" " ind2=" ">
    <subfield code="a">I&#x15F;&#x131;kl&#x131;, Alpaslan</subfield>
  </datafield>
  <datafield tag="942" ind1=" " ind2=" ">
    <subfield code="2">dcc</subfield>
    <subfield code="c">BKS</subfield>
  </datafield>
  <datafield tag="952" ind1=" " ind2=" ">
    <subfield code="a">0001</subfield>
    <subfield code="b">0001</subfield>
    <subfield code="d">2017-12-25</subfield>
    <subfield code="e">2</subfield>
    <subfield code="l">0</subfield>
    <subfield code="o">331.8809561 T96 1994</subfield>
    <subfield code="p">017756</subfield>
    <subfield code="r">2017-12-25 00:00:00</subfield>
    <subfield code="v">0.00</subfield>
    <subfield code="w">2017-12-25</subfield>
    <subfield code="y">BKS</subfield>
  </datafield>
  <datafield tag="999" ind1=" " ind2=" ">
    <subfield code="c">10346</subfield>
    <subfield code="d">10346</subfield>
  </datafield>
</record>
